00826 2200277 4500001002100000001002100021005001500042020001800057035002400075040001200099082002000111084002000131090002000151090001700171100002700188245006500215245005800280250001100338260003300349260003400382300004600416504003000462650002900492850001200521990001500533YOGYA000000000000996YOGYA00000000000099620140822081311 a602-8335-87-8 0010-081400000001036 aYOPDYOG 2[22]a305.89922 a305.89922 Ari T a305.89922 Ari T a332.77 And L aARIES ZULKARNAIN, 1984 aLetter of Credit: Dalam Teori & PraktekcAndhibroto, Supriyo aTradisi dan adat istiadat Sumbawac/ Aries Zulkarnain aCet.1. aSemarangbDahara Prizec1992 aYogyakartabOmbakc2011c2011 axiii, 241 hlm.b. ilus.c; 236 cm (3 eks) aBibliografi ; hlm 236-237 aBudaya Indonesia-Sumbawa aYOPDYOG a85279-P/96